| 000 | 00617nam a2200193 a 4500 | ||
|---|---|---|---|
| 001 | 000030249 | ||
| 005 | 20200930060152.0 | ||
| 008 | 110505s1999 dr a 000 0 spa d | ||
| 040 |
_aDO-SdBNP _bspa _cBNPHU |
||
| 082 |
_axxx _bC968g |
||
| 245 | 0 | 1 |
_aCultivo de granadillo / _ccompilada José Pablo Morales Payán. |
| 260 |
_aSanto Domingo : _bFundación de Desarrollo Agropecuario, _c1999. |
||
| 300 |
_a36 p. : _bil. ; _c28 cm. |
||
| 490 | 1 |
_aCultivos _vno. 30 |
|
| 504 | _aBibliografía : p. 35-[37] | ||
| 700 | 1 |
_aMorales Payán, José Pablo _ecomp. _956935 |
|
| 830 | 0 |
_aCultivos ; _vno. 30 _928768 |
|
| 049 | _aBNPD | ||
| 999 |
_c29741 _d29741 |
||